000 00956nam a2200253Ia 4500
003 OSt
005 20221005112450.0
006 a|||||r|||| 00| 0
007 ta
008 221004b |||||||| |||| 00| 0 pan d
020 _a9789383437412 (hbk)
_cINR 250.00
024 _a39244
037 _b235, 17/03/2018, National Book Shop
_cTextual
040 _aCRL
_cCRL
_bpan
041 _2pan
_apan
082 _aV243, 153Q7
100 _aਸਿੱਧੂ, ਗੁਰਦੇਵ ਸਿੰਘ, ਂਚ.
_9156325
245 0 _aਕੂਕਾ ਇਤਿਹਾਸ ਦੇ ਅਣਛੋਹੇ ਸੁਨਹਿਰੀ ਪੱਤਰੇ
260 _aਚੰਡੀਗੜ
_bਲੋਕਗੀਤ ਪ੍ਰਕਾFਨ ਭਾਰਤ
_c2017
300 _a134ਪ0
_ccm.
650 _aਇਤਿਹਾਸ
942 _hV243, 153Q7
_cTEXL
_2cc
999 _c1024975
_d1024975